| 000 | | | 04116cbm0a2200265#x 450 |
| 001 | | | a503e89b-f841-4913-87e2-b59d767c1164 |
| 005 | | | 20200421123305.0 |
| 100 | ## | $a | 20200415j19361005k###0rusy50 ca |
| 101 | 0# | $a | rus |
| 102 | ## | $a | RU |
| 122 | 1# | $a | d19361005## |
| | $a | d19361101## |
| 200 | 1# | $a | Сводка радиоразведки по Германии № 8 о состоянии, боевой подготовке и дисклокации германских сухопутных, военно-воздушных и военно-морских сил, составленная в РУ РККА. Сопроводительное письмо заместителя начальника РУ РККА А. Х. Артузова наркому внутренних дел СССР Н. И. Ежову от 1 ноября 1936 г. с приложением сводки |
| | $j | не ранее 5 октября 1936 г. |
| 251 | ## | $c | Документ |
| 300 | ## | $a | Сводка – подлинник, сопроводительное письмо – подлинник |
| 461 | #0 | $1 | 2001 |
| | $a | Ф. 3 |
| | $1 | 251 |
| | $c | Фонд |
| | $1 | 852 |
| | $j | 3 |
| 462 | #0 | $1 | 2001 |
| | $a | Оп. 3 |
| | $1 | 251 |
| | $c | Опись |
| | $1 | 852 |
| | $j | 3 |
| 462 | #0 | $1 | 2001 |
| | $a | Д. 1042 |
| | $v | Л. 1–15 |
| | $1 | 251 |
| | $c | Дело |
| | $1 | 852 |
| | $j | 1042 |
| 605 | ## | $2 | prlib_sh |
| | $3 | LIBNET\UAF\0000088514 |
| | $a | Вторая мировая война в архивных документах (Комплекс оцифрованных архивных документов, кино- и фотоматериалов) |
| | $l | коллекция |
| 617 | ## | $a | СССР |
| | $f | 1936 |
| | $2 | prlib_sh |
| 617 | ## | $a | Германия |
| | $f | 1936 |
| | $2 | prlib_sh |
| 801 | #0 | $a | RU |
| | $b | ПБ им. Б.Н. Ельцина |
| | $c | 20200415 |
| 801 | #1 | $a | RU |
| | $b | ПБ им. Б.Н. Ельцина |
| | $c | 20200415 |
| | $2 | rusmarc |
| 801 | #2 | $a | RU |
| | $b | ПБ им. Б.Н. Ельцина |
| | $c | 20200421 |
| | $2 | rusmarc |
| 850 | ## | $a | Центральный архив Федеральной службы безопасности России |
| 852 | ## | $a | ЦА ФСБ России |
| | $j | Л. 1–15 |
| 035 | ## | $a | LIBNET\0001069314 |
| 937 | ## | $d | 144091196 |
| | $h | Центральный архив Федеральной службы безопасности России |
| 856 | 4# | $u | http://readingroom.main.prlib.ru/item.aspx?id_node=n144091196&mode=full |